[Event "Lloyds Bank Masters 17th"]
[Site "London"]
[Date "1993.08.23"]
[Round "3"]
[White "Timoscenko, Gennadij"]
[Black "Emms, John M"]
[Result "1-0"]
[WhiteElo "2540"]
[BlackElo "2455"]
[PlyCount "79"]
[EventDate "1993.08.21"]
[EventType "swiss"]
[EventRounds "10"]
[EventCountry "ENG"]

1. d4 Nf6 2. c4 e6 3. Nc3 Bb4 4. Qc2 O-O 5. a3 Bxc3+ 6. Qxc3 b6 7. Bg5 Bb7 8.
f3 h6 9. Bh4 d5 10. e3 Nbd7 11. Rc1 dxc4 12. Bxc4 Rc8 13. Ne2 c5 14. O-O cxd4
15. Qxd4 Qe7 16. b4 Rfd8 17. Qb2 Nf8 18. Ba2 Ng6 19. Bf2 Nd7 20. Rxc8 Rxc8 21.
Rc1 Rxc1+ 22. Qxc1 Nde5 23. Bb1 Qg5 24. Bg3 h5 25. Kf2 Qd8 26. Qc3 Nd7 27. Bxg6
fxg6 28. h4 e5 29. e4 Kh7 30. Ng1 g5 31. Bxe5 gxh4 32. Nh3 Qe7 33. Bf4 Nf6 34.
Ng5+ Kh8 35. Qc4 a5 36. Kg1 axb4 37. axb4 Qe8 38. Qc7 Qc8 39. Qxb6 Ba8 40. Kh2
1-0

[Event "Lloyds Bank Masters 17th"]
[Site "London"]
[Date "1993.08.23"]
[Round "3"]
[White "Radha, SR.."]
[Black "McNab, Colin Anderson"]
[Result "0-1"]
[WhiteElo "2050"]
[BlackElo "2490"]
[PlyCount "78"]
[EventDate "1993.08.21"]
[EventType "swiss"]
[EventRounds "10"]
[EventCountry "ENG"]

1. e4 g6 2. d4 d6 3. Nf3 Nf6 4. Bd3 Bg7 5. h3 O-O 6. O-O Nc6 7. Be3 Nb4 8. Qd2
Nxd3 9. cxd3 b6 10. Nc3 c5 11. Rac1 Bb7 12. Bh6 Rc8 13. Bxg7 Kxg7 14. Ne2 c4
15. Ng3 cxd3 16. Qxd3 Qd7 17. Qe3 Rxc1 18. Rxc1 Rc8 19. Rxc8 Qxc8 20. Ne1 h6
21. f3 Ba6 22. Kf2 e5 23. b3 Nd7 24. dxe5 dxe5 25. Ne2 Qd8 26. Qd2 Qh4+ 27. Kg1
Nc5 28. Nc3 Ne6 29. Nc2 Nf4 30. Nb4 Qg5 31. Kh2 Bb7 32. Qf2 Nxg2 33. Nb5 Nf4
34. Nxa7 Qe7 35. Nac6 Bxc6 36. Nxc6 Qe6 37. Nb4 Qxh3+ 38. Kg1 Qc8 39. Nd5 Nh3+
0-1

[Event "Lloyds Bank Masters 17th"]
[Site "London"]
[Date "1993.08.23"]
[Round "3"]
[White "Thipsay, Bagyashree Sathe"]
[Black "Jonsson, Hans"]
[Result "0-1"]
[WhiteElo "2175"]
[BlackElo "2345"]
[PlyCount "78"]
[EventDate "1993.08.21"]
[EventType "swiss"]
[EventRounds "10"]
[EventCountry "ENG"]

1. e4 c5 2. Nf3 d6 3. d4 cxd4 4. Qxd4 Nc6 5. Bb5 Bd7 6. Bxc6 Bxc6 7. c4 Nf6 8.
Nc3 g6 9. O-O Bg7 10. Qd3 O-O 11. Nd4 Nd7 12. Rd1 Rc8 13. Qe2 Qa5 14. Be3 Nc5
15. Nd5 Qd8 16. Bg5 Re8 17. Qe3 a6 18. Rac1 Ne6 19. Nxe6 fxe6 20. Nb6 Rb8 21.
b4 Kh8 22. c5 Qc7 23. Bf4 Rbd8 24. Rd2 e5 25. Bg5 dxc5 26. Qxc5 Rxd2 27. Bxd2
Qd6 28. Qxd6 exd6 29. f3 Kg8 30. a4 Bf6 31. Be3 Bd8 32. a5 Kf7 33. Rd1 Ke6 34.
Nd5 Rf8 35. Kf2 h5 36. Bb6 Bxb6+ 37. Nxb6 Bxe4 38. Nc4 Bd5 39. Na3 Rc8 0-1

[Event "Lloyds Bank Masters 17th"]
[Site "London"]
[Date "1993.08.23"]
[Round "3"]
[White "Hebden, Mark"]
[Black "King, Daniel J"]
[Result "1-0"]
[WhiteElo "2560"]
[BlackElo "2455"]
[PlyCount "75"]
[EventDate "1993.08.21"]
[EventType "swiss"]
[EventRounds "10"]
[EventCountry "ENG"]

1. d4 Nf6 2. Nf3 e6 3. c4 b6 4. g3 Bb7 5. Bg2 Bb4+ 6. Bd2 a5 7. O-O O-O 8. Bf4
Be7 9. Qc2 c5 10. Nc3 cxd4 11. Nxd4 Bxg2 12. Kxg2 Qc8 13. Qd3 Nc6 14. e4 Rd8
15. Ndb5 d5 16. cxd5 exd5 17. Qf3 dxe4 18. Nxe4 Nb4 19. Ned6 Qc6 20. Qxc6 Nxc6
21. Rfd1 Rd7 22. Rac1 Nb4 23. Nf5 Bc5 24. Rxd7 Nxd7 25. Nc7 Rf8 26. Rd1 Nb8 27.
a3 N4c6 28. Nd5 g6 29. Nf6+ Kh8 30. Nd6 Bxd6 31. Rxd6 Kg7 32. Ng4 Rc8 33. Bh6+
Kh8 34. Nf6 b5 35. Rd5 b4 36. a4 Ne7 37. Rxa5 Nf5 38. Bf4 1-0

[Event "Lloyds Bank Masters 17th"]
[Site "London"]
[Date "1993.08.23"]
[Round "3"]
[White "Summerscale, Aaron"]
[Black "Sadler, Matthew D"]
[Result "1/2-1/2"]
[WhiteElo "2355"]
[BlackElo "2535"]
[PlyCount "76"]
[EventDate "1993.08.21"]
[EventType "swiss"]
[EventRounds "10"]
[EventCountry "ENG"]

1. d4 d5 2. Nf3 Nf6 3. e3 Bg4 4. c4 dxc4 5. Bxc4 e6 6. Nc3 Nbd7 7. h3 Bh5 8.
O-O Bb4 9. Be2 Ba5 10. Bd2 O-O 11. a3 c6 12. Rc1 Re8 13. Qb3 Qb8 14. Rfd1 Bc7
15. Be1 a6 16. Nd2 Bg6 17. Nc4 b5 18. Nd2 e5 19. Bf3 e4 20. Be2 c5 21. Nd5 Bh2+
22. Kh1 cxd4 23. Nxf6+ Nxf6 24. g3 dxe3 25. Qxe3 Nd5 26. Qd4 e3 27. Nf1 exf2
28. Qxf2 Ne3 29. Kxh2 Nxd1 30. Rxd1 Qe5 31. Bf3 Be4 32. Bc3 Qf5 33. Qd4 f6 34.
Bxe4 Rxe4 35. Qd5+ Qxd5 36. Rxd5 Re2+ 37. Kg1 Kf7 38. Rd3 Ree8 1/2-1/2

[Event "Lloyds Bank Masters 17th"]
[Site "London"]
[Date "1993.08.23"]
[Round "3"]
[White "Arkell, Keith C"]
[Black "Coleman, David"]
[Result "1-0"]
[WhiteElo "2460"]
[BlackElo "2260"]
[PlyCount "73"]
[EventDate "1993.08.21"]
[EventType "swiss"]
[EventRounds "10"]
[EventCountry "ENG"]

1. d4 Nf6 2. Nf3 g6 3. c4 Bg7 4. Nc3 d6 5. g3 O-O 6. Bg2 Nbd7 7. O-O e5 8. Qc2
exd4 9. Nxd4 a6 10. Rd1 Re8 11. b3 Rb8 12. Bb2 Ne5 13. c5 d5 14. e4 c6 15. h3
Qe7 16. exd5 cxd5 17. Na4 Ne4 18. Re1 Qf8 19. Rac1 Nc6 20. Rcd1 h5 21. Nb6 Nb4
22. Qc1 Bh6 23. Qb1 Qxc5 24. Nxd5 Nxd5 25. Bxe4 Bxh3 26. Bxg6 Nc3 27. Bh7+ Kf8
28. Rxe8+ Rxe8 29. Bxc3 Qxc3 30. Bf5 Bxf5 31. Nxf5 Bg7 32. Qc1 Qf3 33. Nh4 Qg4
34. Re1 Rxe1+ 35. Qxe1 Kg8 36. Qe8+ Bf8 37. Qe5 1-0

[Event "Lloyds Bank Masters 17th"]
[Site "London"]
[Date "1993.08.23"]
[Round "3"]
[White "Shaw, John Kerr"]
[Black "Bisby, Daniel L"]
[Result "1-0"]
[WhiteElo "2270"]
[BlackElo "2150"]
[PlyCount "74"]
[EventDate "1993.08.21"]
[EventType "swiss"]
[EventRounds "10"]
[EventCountry "ENG"]

1. e4 c5 2. Nc3 Nc6 3. g3 g6 4. Bg2 Bg7 5. d3 e6 6. Be3 d6 7. f4 Nge7 8. Nf3
O-O 9. O-O Nd4 10. Rb1 Nec6 11. Ne2 b6 12. c3 Nxe2+ 13. Qxe2 d5 14. e5 Ba6 15.
b4 cxb4 16. cxb4 Bb5 17. a4 Bxa4 18. b5 Na5 19. Rb4 Bb3 20. Nd4 Qe7 21. Bd2 Qc5
22. Rc1 Bc4 23. dxc4 Nxc4 24. Rbxc4 dxc4 25. Bxa8 Qxd4+ 26. Be3 Qd8 27. Be4 Qe7
28. Qxc4 Qa3 29. Qd3 Qa4 30. Rc7 Qa1+ 31. Bc1 g5 32. Bxh7+ Kh8 33. Be4 gxf4 34.
gxf4 Bh6 35. Qh3 Rg8+ 36. Kf1 Kg7 37. f5 exf5 1-0

[Event "Lloyds Bank Masters 17th"]
[Site "London"]
[Date "1993.08.23"]
[Round "3"]
[White "Ansell, Simon"]
[Black "Howell, James C"]
[Result "0-1"]
[WhiteElo "2290"]
[BlackElo "2505"]
[PlyCount "72"]
[EventDate "1993.08.21"]
[EventType "swiss"]
[EventRounds "10"]
[EventCountry "ENG"]

1. e4 c5 2. Nf3 d6 3. d4 cxd4 4. Nxd4 Nf6 5. Nc3 a6 6. f4 Qc7 7. a4 g6 8. Bd3
Bg7 9. Nf3 O-O 10. O-O Nbd7 11. Qe1 b6 12. Kh1 Bb7 13. Qh4 e6 14. Bd2 Nc5 15.
Rae1 d5 16. e5 Nfe4 17. Ng5 Nxg5 18. fxg5 Bxe5 19. Rf3 Ne4 20. Nxe4 dxe4 21.
Bxe4 Bxe4 22. Qxe4 Bxb2 23. c3 Ba3 24. Qh4 Qd8 25. Bf4 h5 26. Be5 Be7 27. Bf6
Rc8 28. Qe4 Rc5 29. h4 Qc7 30. Qd3 Rd8 31. Qxa6 Bxf6 32. gxf6 Rxc3 33. Qf1 Rd4
34. Qf2 Rxf3 35. Qxf3 Rxh4+ 36. Kg1 Qh2+ 0-1

[Event "Lloyds Bank Masters 17th"]
[Site "London"]
[Date "1993.08.23"]
[Round "3"]
[White "Dunnington, Angus J"]
[Black "Crocker, Matthew"]
[Result "0-1"]
[WhiteElo "2415"]
[BlackElo "2120"]
[PlyCount "70"]
[EventDate "1993.08.21"]
[EventType "swiss"]
[EventRounds "10"]
[EventCountry "ENG"]

1. Nf3 Nf6 2. d4 g6 3. Nc3 Bg7 4. e4 d6 5. Be3 O-O 6. Qd2 Nbd7 7. Bh6 c5 8.
Bxg7 Kxg7 9. e5 Ne8 10. dxc5 Nxc5 11. O-O-O Qa5 12. Qd4 Ne6 13. Qh4 dxe5 14.
Rd5 Qb6 15. Rxe5 Nf6 16. Be2 Bd7 17. Rd1 Qc7 18. Qb4 Bc6 19. Nb5 Bxb5 20. Rxb5
Rac8 21. c3 b6 22. Re5 Rfd8 23. Rxd8 Rxd8 24. g3 Nd5 25. Qc4 Qd6 26. Re4 Rd7
27. Nd4 Nc5 28. Rg4 Qf6 29. Nf3 Ne6 30. Re4 Rd6 31. h4 b5 32. Qc8 b4 33. c4 Nc3
34. bxc3 Qxc3+ 35. Kb1 b3 0-1

[Event "Lloyds Bank Masters 17th"]
[Site "London"]
[Date "1993.08.23"]
[Round "3"]
[White "Ledger, Andrew"]
[Black "Gokhale, Anupama"]
[Result "1-0"]
[WhiteElo "2375"]
[BlackElo "2200"]
[PlyCount "68"]
[EventDate "1993.08.21"]
[EventType "swiss"]
[EventRounds "10"]
[EventCountry "ENG"]

1. c4 e5 2. Nc3 Nc6 3. g3 g6 4. Bg2 Bg7 5. Rb1 d6 6. b4 a6 7. d3 Nf6 8. Nf3 O-O
9. O-O h6 10. a4 Be6 11. b5 axb5 12. axb5 Ne7 13. Qb3 Nh5 14. Nd2 Rb8 15. Ra1
f5 16. Ra7 c6 17. Bb2 Re8 18. Rfa1 Nf6 19. R7a3 Nd7 20. Qc2 d5 21. e3 Bf7 22.
Rb1 dxc4 23. Nxc4 Nc5 24. Ne2 cxb5 25. Nxe5 Bxe5 26. Qxc5 Bxb2 27. Rxb2 Bd5 28.
Rxb5 Bxg2 29. Kxg2 Rc8 30. Qb4 Rc7 31. Qb3+ Kh8 32. Nf4 Qd6 33. Rb6 Nc6 34. Ra1
Qe5 1-0

[Event "Lloyds Bank Masters 17th"]
[Site "London"]
[Date "1993.08.23"]
[Round "3"]
[White "McDonald, Neil R"]
[Black "Hastings, Jonathan J"]
[Result "1-0"]
[WhiteElo "2395"]
[BlackElo "2210"]
[PlyCount "67"]
[EventDate "1993.08.21"]
[EventType "swiss"]
[EventRounds "10"]
[EventCountry "ENG"]

1. e4 c6 2. d4 d5 3. Nd2 g6 4. e5 h5 5. f4 Nh6 6. Bd3 Bf5 7. Ndf3 e6 8. Ne2 c5
9. O-O Nc6 10. Kh1 Qb6 11. c3 Rc8 12. Be3 Bxd3 13. Qxd3 Nf5 14. dxc5 Bxc5 15.
Bxc5 Qxc5 16. Ned4 Ncxd4 17. cxd4 Qb4 18. Rac1 O-O 19. b3 Qb6 20. Qd2 Rfd8 21.
g3 Ne7 22. Kg2 Rd7 23. Rxc8+ Nxc8 24. f5 exf5 25. Qh6 Rc7 26. Rf2 a6 27. Re2
Qb5 28. Kf2 Qd3 29. e6 Nd6 30. exf7+ Rxf7 31. Qxg6+ Rg7 32. Qxd6 h4 33. Qd8+
Kf7 34. Ne5+ 1-0

[Event "Lloyds Bank Masters 17th"]
[Site "London"]
[Date "1993.08.23"]
[Round "3"]
[White "Koshy, Varugeese"]
[Black "O'Cinneide, Mel"]
[Result "1/2-1/2"]
[WhiteElo "2415"]
[BlackElo "2225"]
[PlyCount "65"]
[EventDate "1993.08.21"]
[EventType "swiss"]
[EventRounds "10"]
[EventCountry "ENG"]

1. c4 e6 2. Nf3 Nf6 3. g3 c5 4. Bg2 Nc6 5. O-O Be7 6. Nc3 O-O 7. d4 cxd4 8.
Nxd4 a6 9. e4 Qa5 10. Nb3 Qb4 11. Qe2 Ne5 12. Nd2 b5 13. f4 Nxc4 14. Nxc4 bxc4
15. e5 Nd5 16. Nxd5 exd5 17. f5 Bb7 18. f6 Bc5+ 19. Be3 Rfe8 20. Bxc5 Qxc5+ 21.
Rf2 g6 22. Re1 d6 23. Qd2 dxe5 24. Qg5 Re6 25. Bh3 h6 26. Qh4 Rb6 27. Kf1 e4
28. Qxh6 Qf8 29. Qg5 Rd8 30. Bf5 Rdd6 31. Bxg6 fxg6 32. Qxg6+ Kh8 33. Qh5+
1/2-1/2

[Event "Lloyds Bank Masters 17th"]
[Site "London"]
[Date "1993.08.23"]
[Round "3"]
[White "Carlson, Mats"]
[Black "Ioannides, Milton"]
[Result "1-0"]
[WhiteElo "2305"]
[BlackElo "2045"]
[PlyCount "63"]
[EventDate "1993.08.21"]
[EventType "swiss"]
[EventRounds "10"]
[EventCountry "ENG"]

1. d4 d5 2. c4 e6 3. Nc3 Nf6 4. Bg5 Nbd7 5. cxd5 exd5 6. e3 c6 7. Bd3 Be7 8.
Qc2 O-O 9. Nf3 Re8 10. O-O Nf8 11. Rae1 h6 12. Bf4 Ne6 13. Be5 b6 14. h3 Bb7
15. Bh2 Bd6 16. Ne5 c5 17. Qa4 g6 18. Bb1 Qc7 19. Kh1 b5 20. Qd1 b4 21. Ne2 a5
22. f4 c4 23. Ng3 Rac8 24. Nf5 Bf8 25. Ng4 Ne4 26. Bxe4 dxe4 27. Nfxh6+ Bxh6
28. Nf6+ Kh8 29. Nxe8 Qd8 30. f5 Ng5 31. Be5+ Bg7 32. Bxg7+ 1-0

[Event "Lloyds Bank Masters 17th"]
[Site "London"]
[Date "1993.08.23"]
[Round "3"]
[White "Adams, Michael"]
[Black "Stanton, William"]
[Result "1-0"]
[WhiteElo "2630"]
[BlackElo "2165"]
[PlyCount "63"]
[EventDate "1993.08.21"]
[EventType "swiss"]
[EventRounds "10"]
[EventCountry "ENG"]

1. e4 e5 2. Nf3 Nc6 3. Bb5 a6 4. Ba4 Nf6 5. O-O Be7 6. Re1 b5 7. Bb3 O-O 8. c3
d5 9. exd5 Nxd5 10. Nxe5 Nxe5 11. Rxe5 c6 12. d3 Bd6 13. Re1 Qh4 14. g3 Qh3 15.
Re4 Qf5 16. Nd2 Nf6 17. Re1 Bb7 18. Ne4 Bc7 19. a4 Rad8 20. Qe2 c5 21. axb5
axb5 22. Ra7 Rb8 23. Bc2 Nd7 24. d4 Qd5 25. dxc5 Nxc5 26. Rxb7 Nxb7 27. Nf6+
gxf6 28. Qg4+ Kh8 29. Qh4 f5 30. Qf6+ Kg8 31. Bh6 Be5 32. Qxf5 1-0

[Event "Lloyds Bank Masters 17th"]
[Site "London"]
[Date "1993.08.23"]
[Round "3"]
[White "Rossiter, Philip J"]
[Black "McEwan, Kenneth B"]
[Result "1-0"]
[WhiteElo "2330"]
[BlackElo "2120"]
[PlyCount "61"]
[EventDate "1993.08.21"]
[EventType "swiss"]
[EventRounds "10"]
[EventCountry "ENG"]

1. d4 Nf6 2. c4 e6 3. Nc3 Bb4 4. e3 b6 5. Nge2 Bb7 6. a3 Bxc3+ 7. Nxc3 d6 8. d5
Nbd7 9. Be2 Qe7 10. O-O c6 11. dxc6 Bxc6 12. b3 d5 13. cxd5 Nxd5 14. Bb2 O-O
15. Rc1 Ne5 16. b4 Rad8 17. Qc2 Nd7 18. Bf3 N7f6 19. Ne4 Ba8 20. Nxf6+ Nxf6 21.
Bxa8 Rxa8 22. Rfd1 Rfd8 23. Rd4 Rxd4 24. Bxd4 e5 25. Bb2 Rd8 26. h3 Nd5 27. Rd1
Rd7 28. Bxe5 f6 29. Bg3 Kf8 30. e4 Nxb4 31. Qc8+ 1-0

[Event "Lloyds Bank Masters 17th"]
[Site "London"]
[Date "1993.08.23"]
[Round "3"]
[White "Saunders, John C"]
[Black "Osborne, Marcus E"]
[Result "1-0"]
[WhiteElo "2245"]
[BlackElo "1960"]
[PlyCount "57"]
[EventDate "1993.08.21"]
[EventType "swiss"]
[EventRounds "10"]
[EventCountry "ENG"]

1. e4 g6 2. d4 Bg7 3. c3 d6 4. Nd2 Nf6 5. Ngf3 O-O 6. Be2 c5 7. O-O cxd4 8.
cxd4 Nc6 9. h3 d5 10. e5 Ne4 11. Nb3 a5 12. a4 Bd7 13. Bd3 f6 14. exf6 exf6 15.
Re1 f5 16. Nc5 Nxc5 17. dxc5 b6 18. cxb6 Qxb6 19. Bb5 Kh8 20. Qxd5 Rad8 21. Bg5
Bf6 22. Bxf6+ Rxf6 23. Rad1 Be8 24. Bxc6 Rxd5 25. Rxe8+ Kg7 26. Bxd5 Qxb2 27.
Rde1 Rd6 28. R8e7+ Kh6 29. Bg8 1-0

[Event "Lloyds Bank Masters 17th"]
[Site "London"]
[Date "1993.08.23"]
[Round "3"]
[White "Delanoy, Arnaud"]
[Black "Webster, Andrew"]
[Result "1/2-1/2"]
[WhiteElo "2150"]
[BlackElo "2410"]
[PlyCount "56"]
[EventDate "1993.08.21"]
[EventType "swiss"]
[EventRounds "10"]
[EventCountry "ENG"]

1. e4 e6 2. d4 d5 3. Nc3 Nf6 4. Bg5 dxe4 5. Nxe4 Nbd7 6. Nxf6+ Nxf6 7. Nf3 c5
8. Bb5+ Bd7 9. Bxd7+ Qxd7 10. Bxf6 gxf6 11. c3 O-O-O 12. Qe2 Rg8 13. O-O Qc6
14. dxc5 Bxc5 15. Rfd1 Rde8 16. g3 Kb8 17. Nd4 Qd5 18. Nb5 Qe5 19. Qxe5+ fxe5
20. Rd7 a6 21. Nd6 Bxd6 22. Rxd6 Rd8 23. Rad1 Rxd6 24. Rxd6 Kc7 25. Rd2 f5 26.
Kf1 h5 27. Ke2 h4 28. Kf3 Kc6 1/2-1/2

[Event "Lloyds Bank Masters 17th"]
[Site "London"]
[Date "1993.08.23"]
[Round "3"]
[White "McKenna, Jason"]
[Black "Rogers, Ian"]
[Result "0-1"]
[WhiteElo "2160"]
[BlackElo "2595"]
[PlyCount "56"]
[EventDate "1993.08.21"]
[EventType "swiss"]
[EventRounds "10"]
[EventCountry "ENG"]

1. e4 c5 2. Nf3 Nc6 3. d4 cxd4 4. Nxd4 g6 5. Nc3 Bg7 6. Be3 Nf6 7. f3 O-O 8.
Bc4 Qb6 9. Qd2 Nxe4 10. fxe4 Bxd4 11. Bxd4 Qxd4 12. Qxd4 Nxd4 13. O-O-O Nc6 14.
Nd5 Kg7 15. Rhf1 Rb8 16. a4 a6 17. Nb6 d6 18. h3 Ne5 19. Bd5 Bd7 20. Rd4 Bc6
21. Kb1 f5 22. Bxc6 Nxc6 23. Rc4 fxe4 24. Rxf8 Rxf8 25. Rxe4 Rf1+ 26. Ka2 Rf2
27. Rc4 Rxg2 28. b4 Rg5 0-1

[Event "Lloyds Bank Masters 17th"]
[Site "London"]
[Date "1993.08.23"]
[Round "3"]
[White "Gasik, Renata"]
[Black "Mitkov, Nikola"]
[Result "0-1"]
[WhiteElo "2125"]
[BlackElo "2495"]
[PlyCount "52"]
[EventDate "1993.08.21"]
[EventType "swiss"]
[EventRounds "10"]
[EventCountry "ENG"]

1. d4 Nf6 2. Nf3 d5 3. c4 e6 4. Nc3 Bb4 5. Bg5 h6 6. Bh4 dxc4 7. e3 b5 8. Be2
Nbd7 9. O-O c6 10. a4 Qb6 11. Na2 Be7 12. b3 cxb3 13. Qxb3 a6 14. Nb4 bxa4 15.
Rxa4 a5 16. Bxf6 Nxf6 17. Rfa1 Rb8 18. Rxa5 Bxb4 19. Ra7 Bd6 20. Qc2 O-O 21.
Bd3 c5 22. e4 Nd7 23. Qa4 Rd8 24. g3 cxd4 25. Nxd4 Nc5 26. Qb5 Nxd3 0-1

[Event "Lloyds Bank Masters 17th"]
[Site "London"]
[Date "1993.08.23"]
[Round "3"]
[White "Saidenov, Galimulla"]
[Black "Cafferty, Bernard"]
[Result "1-0"]
[WhiteElo "2309"]
[BlackElo "2310"]
[PlyCount "49"]
[EventDate "1993.08.21"]
[EventType "swiss"]
[EventRounds "10"]
[EventCountry "ENG"]

1. e4 Nf6 2. Nc3 d5 3. exd5 Nxd5 4. Bc4 e6 5. Qf3 Nb6 6. Bb3 c5 7. d3 Nc6 8.
Nge2 Be7 9. Qg3 O-O 10. Bh6 Bf6 11. Ne4 Bxb2 12. c3 g6 13. Rb1 Ba3 14. Bxf8
Kxf8 15. h4 c4 16. dxc4 h5 17. Rd1 Qe7 18. Qe3 Nd7 19. g4 f5 20. gxh5 fxe4 21.
hxg6 Nf6 22. h5 Bc5 23. Qg5 Ng8 24. Qf4+ Qf6 25. h6 1-0

[Event "Lloyds Bank Masters 17th"]
[Site "London"]
[Date "1993.08.23"]
[Round "3"]
[White "Jowett, Peter"]
[Black "Hennigan, Michael"]
[Result "0-1"]
[WhiteElo "2225"]
[BlackElo "2415"]
[PlyCount "44"]
[EventDate "1993.08.21"]
[EventType "swiss"]
[EventRounds "10"]
[EventCountry "ENG"]

1. e4 c5 2. Nf3 Nc6 3. d4 cxd4 4. Nxd4 Nf6 5. Nc3 d6 6. Be2 e5 7. Nf3 h6 8. O-O
Be7 9. Be3 O-O 10. Bc4 Be6 11. Bb3 Rc8 12. Qe2 Na5 13. Nd5 Nxe4 14. Nxe7+ Qxe7
15. Bxa7 Nxb3 16. axb3 f5 17. Qd3 Qc7 18. Nd2 Qxc2 19. Qxc2 Rxc2 20. Nxe4 fxe4
21. Rfd1 d5 22. b4 d4 0-1

[Event "Lloyds Bank Masters 17th"]
[Site "London"]
[Date "1993.08.23"]
[Round "3"]
[White "Corkett, Anthony"]
[Black "Trifunovic, Aleksandar"]
[Result "1-0"]
[WhiteElo "2315"]
[BlackElo "2195"]
[PlyCount "63"]
[EventDate "1993.08.21"]
[EventType "swiss"]
[EventRounds "10"]
[EventCountry "ENG"]

1. d4 Nf6 2. Nf3 g6 3. c4 Bg7 4. Nc3 O-O 5. e3 d6 6. Be2 Nbd7 7. O-O e5 8. Qc2
Qe7 9. b4 e4 10. Nd2 Re8 11. Re1 Nf8 12. f3 exf3 13. Nxf3 Bf5 14. Bd3 Bxd3 15.
Qxd3 Ne4 16. Nd5 Qd8 17. Nd2 Nxd2 18. Bxd2 c6 19. Nc3 Nd7 20. Rab1 b6 21. Rf1
f5 22. e4 Qf6 23. Be3 fxe4 24. Qe2 Qd8 25. Rbd1 Rc8 26. Kh1 Nf8 27. b5 c5 28.
Nd5 Ne6 29. dxc5 bxc5 30. Qg4 Qd7 31. Bg5 Nf8 32. Rxf8+ 1-0

[Event "Lloyds Bank Masters 17th"]
[Site "London"]
[Date "1993.08.24"]
[Round "4"]
[White "Barua, Dibyendu"]
[Black "Houska, Miroslav"]
[Result "1/2-1/2"]
[WhiteElo "2510"]
[BlackElo "2300"]
[PlyCount "135"]
[EventDate "1993.08.21"]
[EventType "swiss"]
[EventRounds "10"]
[EventCountry "ENG"]

1. e4 c5 2. Nf3 Nc6 3. d4 cxd4 4. Nxd4 e5 5. Nb5 d6 6. c4 Be7 7. Be2 Be6 8. O-O
Nf6 9. N1c3 a6 10. Na3 O-O 11. Be3 Rc8 12. Rc1 Ne8 13. Qd2 h6 14. g3 f5 15.
exf5 Bxf5 16. Nd5 Nf6 17. f4 Nxd5 18. Qxd5+ Kh8 19. Rcd1 Qe8 20. Nb1 Nb4 21.
Qg2 Nc2 22. Bc1 d5 23. cxd5 Bc5+ 24. Kh1 exf4 25. Bxf4 Be4 26. Bf3 Rxf4 27.
gxf4 Ne3 28. Qg3 Nxd1 29. Rxd1 Qh5 30. Kg2 Bb4 31. Nc3 Bxc3 32. Rc1 Qxd5 33.
Rxc3 Rxc3 34. bxc3 Qxa2+ 35. Kh3 Qe6+ 36. Bg4 Qg6 37. Qh4 Bf5 38. Qd8+ Kh7 39.
Bxf5 Qxf5+ 40. Kg3 a5 41. h3 a4 42. Qe7 b6 43. Qb4 b5 44. Kg2 Kg6 45. Kg3 Qd3+
46. Kg2 Kf7 47. Qc5 Qc4 48. Qd6 Qe6 49. Qc5 Qc4 50. Qd6 Qxc3 51. Qd5+ Kf6 52.
Qxb5 a3 53. Qd5 Ke7 54. h4 Qb2+ 55. Kg3 a2 56. Qc5+ Kd7 57. Qd5+ Kc7 58. Qc5+
Kb7 59. Qd5+ Kb6 60. Qd8+ Kc5 61. Qc7+ Kb4 62. Qb6+ Kc3 63. Qe3+ Kc2 64. Qe4+
Kb3 65. Qd5+ Ka4 66. Qa8+ Kb4 67. Qb7+ Kc3 68. Qc6+ 1/2-1/2

[Event "Lloyds Bank Masters 17th"]
[Site "London"]
[Date "1993.08.24"]
[Round "4"]
[White "Emms, John M"]
[Black "Franklin, Michael J"]
[Result "1-0"]
[WhiteElo "2455"]
[BlackElo "2275"]
[PlyCount "113"]
[EventDate "1993.08.21"]
[EventType "swiss"]
[EventRounds "10"]
[EventCountry "ENG"]

1. e4 c5 2. Nf3 a6 3. c3 d5 4. exd5 Qxd5 5. d4 e6 6. Be3 cxd4 7. cxd4 Nf6 8.
Nc3 Qd6 9. Bd3 Nc6 10. a3 Be7 11. O-O O-O 12. Qe2 Rd8 13. Rad1 Bd7 14. Rfe1 Be8
15. Bg5 Qc7 16. Bb1 Qa5 17. Ba2 h6 18. Bc1 Bf8 19. Rd3 Rac8 20. Red1 Ne7 21.
Ne5 Nfd5 22. Rh3 Qc7 23. Qg4 Nf6 24. Qe2 Nfd5 25. Bb1 Nf6 26. Rg3 Kh8 27. Rf3
Neg8 28. g4 Bd6 29. Bf4 Nxg4 30. Rg3 Nxe5 31. dxe5 Bf8 32. h4 f5 33. Ba2 Qf7
34. Rxd8 Rxd8 35. Qc4 Bc6 36. Qxe6 Qxe6 37. Bxe6 Rd4 38. Be3 Rxh4 39. f4 Rh1+
40. Kf2 Rh2+ 41. Kg1 Rxb2 42. Bxf5 Bxa3 43. Be6 Bb4 44. Nd5 Rb1+ 45. Kh2 a5 46.
Rg4 Rb2+ 47. Kg1 Bf8 48. f5 Rb5 49. Nf4 Be8 50. f6 g5 51. f7 Bxf7 52. Bxf7 gxf4
53. Rxg8+ Kh7 54. Bxf4 Bc5+ 55. Kg2 a4 56. e6 Bb4 57. Bd2 1-0

[Event "Lloyds Bank Masters 17th"]
[Site "London"]
[Date "1993.08.24"]
[Round "4"]
[White "Howell, James C"]
[Black "Ledger, Andrew"]
[Result "1-0"]
[WhiteElo "2505"]
[BlackElo "2375"]
[PlyCount "101"]
[EventDate "1993.08.21"]
[EventType "swiss"]
[EventRounds "10"]
[EventCountry "ENG"]

1. e4 e6 2. d4 d5 3. Nd2 dxe4 4. Nxe4 Bd7 5. Nf3 Bc6 6. Bd3 Nd7 7. Qe2 Ngf6 8.
Ng3 Be7 9. Bd2 Bxf3 10. Qxf3 c6 11. c3 Qb6 12. O-O-O c5 13. Be3 O-O 14. Bc2
Rfd8 15. Ne4 Nxe4 16. Bxe4 cxd4 17. Bxd4 Bc5 18. Bc2 Bxd4 19. Rxd4 Nf6 20. Rhd1
Rxd4 21. Rxd4 a5 22. g3 Re8 23. Rd2 h6 24. h4 e5 25. Ba4 e4 26. Qg4 Rd8 27.
Rxd8+ Qxd8 28. Bc2 Qd5 29. f3 Qxa2 30. Qc8+ Kh7 31. Qxb7 Qc4 32. Bxe4+ g6 33.
Bd3 Qe6 34. Kb1 Kg7 35. Bc2 Nd7 36. Bb3 Qf5+ 37. Ka2 Ne5 38. Bd5 Qc2 39. Bb3
Qf5 40. f4 Nd3 41. Qd5 Qxd5 42. Bxd5 f5 43. Kb3 g5 44. Kc2 Nc5 45. b4 axb4 46.
cxb4 Na6 47. Kc3 gxf4 48. gxf4 Kg6 49. Bf3 Kf6 50. Kc4 Ke6 51. Bb7 1-0

[Event "Lloyds Bank Masters 17th"]
[Site "London"]
[Date "1993.08.24"]
[Round "4"]
[White "Bates, Richard"]
[Black "Asanov, Bolat"]
[Result "1-0"]
[WhiteElo "2235"]
[BlackElo "2385"]
[PlyCount "81"]
[EventDate "1993.08.21"]
[EventType "swiss"]
[EventRounds "10"]
[EventCountry "ENG"]

1. d4 g6 2. e4 Bg7 3. c4 d6 4. Nc3 Nf6 5. h3 O-O 6. Bg5 Nbd7 7. Nf3 e5 8. d5 h6
9. Be3 Nc5 10. Nd2 a5 11. g4 c6 12. Be2 Nh7 13. Qc2 Bd7 14. O-O-O cxd5 15. cxd5
Rc8 16. Nc4 Qc7 17. a4 f5 18. f3 fxe4 19. fxe4 Nf6 20. b3 Nh7 21. h4 Rb8 22.
Na3 Rfc8 23. Kb2 Qb6 24. Nc4 Qb4 25. Na2 Nxa4+ 26. Ka1 Nc3 27. Nxb4 axb4 28.
Kb2 b5 29. Nxd6 Nxd1+ 30. Qxd1 Rc3 31. Bd2 Bf8 32. Nxb5 Rg3 33. Qe1 Rg2 34. Bf3
Rxd2+ 35. Qxd2 Rxb5 36. Ra1 Nf6 37. g5 hxg5 38. hxg5 Nh7 39. Ra7 Bh3 40. d6 Rb8
41. Qd5+ 1-0

[Event "Lloyds Bank Masters 17th"]
[Site "London"]
[Date "1993.08.24"]
[Round "4"]
[White "Thipsay, Praveen Mahadeo"]
[Black "Shaw, John Kerr"]
[Result "1/2-1/2"]
[WhiteElo "2465"]
[BlackElo "2270"]
[PlyCount "82"]
[EventDate "1993.08.21"]
[EventType "swiss"]
[EventRounds "10"]
[EventCountry "ENG"]

1. e4 e5 2. Nf3 d6 3. d4 Nf6 4. Nc3 Nbd7 5. g3 g6 6. Bg2 Bg7 7. O-O O-O 8. h3
c6 9. a4 b6 10. Bg5 h6 11. Be3 a6 12. Qc1 Kh7 13. Rd1 Qc7 14. dxe5 dxe5 15. Nd2
Rb8 16. Ne2 Bb7 17. c4 a5 18. Nb3 Ba6 19. Qc2 c5 20. Nd2 Rbd8 21. Nc3 Nb8 22.
Nd5 Qb7 23. f4 Nh5 24. f5 Nxg3 25. f6 Bh8 26. Bf3 Rxd5 27. cxd5 Ne2+ 28. Bxe2
Bxe2 29. Re1 Ba6 30. Nc4 Bxc4 31. Qxc4 Bxf6 32. Rf1 Bg7 33. Rf3 f5 34. Raf1 f4
35. Bf2 g5 36. Rb3 Nd7 37. Qb5 Qc7 38. Qc6 Rc8 39. Qe6 Rf8 40. Qc6 Rc8 41. Qe6
Rf8 1/2-1/2